| 000 | 00787nam a22002055i 4500 | ||
|---|---|---|---|
| 001 | 159217 | ||
| 003 | ES-MaACL | ||
| 005 | 20250725062543.0 | ||
| 008 | 981005s1885 fr |||| | fre d | ||
| 040 |
_aCAM _bspa _cCAM |
||
| 100 | 1 |
_aMaxwell, J. Clerk. _9129750 |
|
| 245 | 1 | 0 |
_aTraité d'électricité et de magnétisme / _cpar J. ClerK Maxwell; traduit de l'anglais sur la deuxième édition par G. Séligmann-Lui ... |
| 260 |
_aParis : _bGauthier-Villars, _c1885. |
||
| 300 |
_a2 v. ; _c22 cm. |
||
| 597 | 1 | _aVol. I (XX, 578 p.) -- Vol. II (650 p.) | |
| 650 | 0 | 7 |
_aFísica _2embne _912877 |
| 700 | 1 | 1 |
_aSéligmann-Lui, G., _etrad. _9133095 |
| 852 |
_aES-MaACL _jB-4476-4477 _z-- Enc. pasta española _x-- Edic: T260: El segundo vol. publicado en 1889 |
||
| 999 |
_c159217 _d159217 |
||